Tilastot visalle Liput, joissa on eniten sinistä

Klikkaa tästä pelataksesi tätä visaa!

Yleistilastot

  • Tätä visaa on pelattu 195 kertaa
    (189 viimeisimmän päivityksen jälkeen)
  • Keskiarvotulos 11 / 16

Vastaustilastot

Answer% Oikein
Australia
96%
Ruotsi
96%
Uusi-Seelanti
90%
Kosovo
78%
Kazakstan
77%
Bosnia ja Hertsegovina
76%
Somalia
72%
Nauru
66%
Palau
65%
Tuvalu
61%
Mikronesia
58%
Fidži
57%
Botswana
55%
Marshallinsaaret
53%
Saint Lucia
50%
Kap Verde
46%

Tulosjakauma

Persentiili vastausten määrän mukaan

Jokaisen tuloksen saaneiden osuus

Tuloshistoriasi

Et ole pelannut tätä visaa sen viimeisimmän päivityksen jälkeen